| 000 | 01602njm a2200313 i 4500 | ||
|---|---|---|---|
| 001 | 005369930 | ||
| 003 | BLK | ||
| 005 | 20250306135138.0 | ||
| 007 | sd asmalaaahaa | ||
| 008 | 120116s1974 ru ptnng rus | ||
| 028 | 0 | 2 | _aС10 15871-2 |
| 040 | _aBLK | ||
| 041 |
_aRUS _cRUS |
||
| 080 |
_aОпера. Музикална драма. Романтична опера. Опера-приказка _b782.1 _x(086.72) _z782.1(086.72) |
||
| 100 | 1 |
_944950 _aВагнер, Рихард |
|
| 245 |
_aУвертюры и симфонические фрагменты опер _cР. Вагнер; исп. Гос. академ. симф. оркестр СССР ; дир. Евгений Светланов |
||
| 260 |
_aМосква _bМелодия _c1981 |
||
| 300 |
_a1 грамофонна плоча _b33 об/мин, стерео _c30 см |
||
| 380 | _a7 | ||
| 500 | _a1 сторона Увертюра к опере "Нюрнбергские мейстерзингеры" Антракт к третьему действию оперы "Нюрнбергские мейстерзингеры" Шелест леса из оперы "Зигфрид" 2 сторона Вступление к опере "Парсифаль" Увертюра к опере "Летучий голландец" | ||
| 650 | 7 |
_9165008 _aОпера |
|
| 650 | 7 |
_9174542 _aУвертюри |
|
| 650 | 7 |
_9153524 _aДиригенти |
|
| 700 |
_9315710 _aСветланов, Евгений Федорович |
||
| 852 |
_aФ ІІ 5589 _bО |
||
| 856 |
_i0.00 _ldisable |
||
| 942 |
_cGPL _n0 |
||
| 944 |
_cКети Илиева _k30550 _a30550 _lКети Илиева |
||
| 999 |
_c528106 _d528106 |
||